Verejné osvetlenie v centrálnych zónach

Podrobná bibliografia
Hlavný autor: Benedikt, K. (Author)
Médium: Článok
Jazyk:Czech
Témy:
ISBN: 9788096998876
Zdroj: 1. Bardkontakt 2008. Problematika mestských pamiatkových centier 1. Bardejov : Mesto Bardejov, 2008 1. 9788096998876 1. S. 27-32
LEADER 00816naa a2200313 a 4500
001 000100935
003 SVKKK
005 20100618131950.0
008 080220s2008 xo #|0||||||||0|||b|cze
FMT
015 |a SNBRA2010/06 
038 |a SVKKK 
040 |a SVKKK  |b slo  |e AACR2 
041 0 |a cze 
044 |a xo  |c SK 
080 |a 628.971  |2 1997 
080 |a 711.523  |2 1997 
100 1 |a Benedikt, K.  |4 aut 
245 1 0 |a Verejné osvetlenie v centrálnych zónach  |c K. Benedikt 
300 |b Obr. 
504 |a Bibliogr. odkazy 
650 0 4 |a verejné osvetlenie  |x centrá miest 
773 0 |t Bardkontakt 2008. Problematika mestských pamiatkových centier  |d Bardejov : Mesto Bardejov, 2008  |z 9788096998876  |g S. 27-32 
958 |a NB 
992 |a RZB 
BAS
852 |a SVKKK  |b BIB 
EXP
998 |a SLO